000 00799nam0a22002651 4500
001 rc\3134394
005 20250530070840.0
021 _aRU
_bРг12054-75
021 _aRU
_b75-35745
035 _a(NLR Aleph) 007287080
090 _a5570355
_c5570355
100 _a20120615d1975 |||y0rusy50 ca
101 0 _arus
102 _aRU
105 _ay z |||c|
200 1 _aШаг в бессмертие
_eОчерк [о подвиге Героя Сов. Союза Н.В. Носули]
210 _aДонецк
_cДонбас
_d1975
215 _a54 с.
_d16
225 1 _aРассказы о подвигах
700 1 _aСалеев
_bН.П.
_gНиколай Петрович
801 0 _aRU
_bNLR
_gpsbo
801 1 _aRU
_bELAR
_2rusmarc
852 _aNLR
_j75-2/1359
942 _cBOOK
980 _aNB